ALL RuPaul's Drag Race Queens (Including All Stars) - Statistics

General Stats
  • This quiz has been taken 406 times
    20 since last reset
  • The average score is 365 of 371
Answer Stats
Season Placement Drag Queen % Correct
๐Ÿ‡บ๐Ÿ‡ธ RuPaul's Drag Race ๐Ÿ‡บ๐Ÿ‡ธ-Season 17- 10th Acacia Forgot
100%
๐Ÿ‡บ๐Ÿ‡ธ RuPaul's Drag Race ๐Ÿ‡บ๐Ÿ‡ธ-Season 8- 8th Acid Betty
100%
โญ๏ธ RuPaul's Drag Race All Stars โญ๏ธ-Season 10- 11th-18th Acid Betty
100%
๐Ÿ‡บ๐Ÿ‡ธ RuPaul's Drag Race ๐Ÿ‡บ๐Ÿ‡ธ-Season 6- ๐Ÿฅˆ Runner-Up ๐Ÿฅˆ Adore Delano
100%
โญ๏ธ RuPaul's Drag Race All Stars โญ๏ธ-Season 2- 9th[Quit] Adore Delano
100%
๐Ÿ‡บ๐Ÿ‡ธ RuPaul's Drag Race ๐Ÿ‡บ๐Ÿ‡ธ-Season 12- 10th Aiden Zhane
100%
๐Ÿ‡บ๐Ÿ‡ธ RuPaul's Drag Race ๐Ÿ‡บ๐Ÿ‡ธ-Season 9- 9th Aja
100%
โญ๏ธ RuPaul's Drag Race All Stars โญ๏ธ-Season 3- 7th Aja
100%
โญ๏ธ RuPaul's Drag Race All Stars โญ๏ธ-Season 10- 5th-8th Aja
100%
๐Ÿ‡บ๐Ÿ‡ธ RuPaul's Drag Race ๐Ÿ‡บ๐Ÿ‡ธ-Season 1- 7th Akashia
100%
๐Ÿ‡บ๐Ÿ‡ธ RuPaul's Drag Race ๐Ÿ‡บ๐Ÿ‡ธ-Season 11- 3rd/4th A'keria C. Davenport
100%
โญ๏ธ RuPaul's Drag Race All Stars โญ๏ธ-Season 6- 8th A'keria C. Davenport
100%
โญ๏ธ RuPaul's Drag Race All Stars โญ๏ธ-Season 11- TBD A'keria C. Davenport
100%
๐Ÿ‡บ๐Ÿ‡ธ RuPaul's Drag Race ๐Ÿ‡บ๐Ÿ‡ธ-Season 5- ๐Ÿฅˆ Runner-Up ๐Ÿฅˆ Alaska
100%
โญ๏ธ RuPaul's Drag Race All Stars โญ๏ธ-Season 2- ๐Ÿ† WINNER ๐Ÿ† Alaska
100%
๐Ÿ‡บ๐Ÿ‡ธ RuPaul's Drag Race ๐Ÿ‡บ๐Ÿ‡ธ-Season 3- 3rd Alexis Mateo
100%
โญ๏ธ RuPaul's Drag Race All Stars โญ๏ธ-Season 1- 5th/6th Alexis Mateo
100%
โญ๏ธ RuPaul's Drag Race All Stars โญ๏ธ-Season 5- 5th Alexis Mateo
100%
๐Ÿ‡บ๐Ÿ‡ธ RuPaul's Drag Race ๐Ÿ‡บ๐Ÿ‡ธ-Season 9- 5th Alexis Michelle
100%
โญ๏ธ RuPaul's Drag Race All Stars โญ๏ธ-Season 8- 4th Alexis Michelle
100%
๐Ÿ‡บ๐Ÿ‡ธ RuPaul's Drag Race ๐Ÿ‡บ๐Ÿ‡ธ-Season 5- 6th Alyssa Edwards
100%
โญ๏ธ RuPaul's Drag Race All Stars โญ๏ธ-Season 2- 5th[Orig. 6th] Alyssa Edwards
100%
๐Ÿ‡บ๐Ÿ‡ธ RuPaul's Drag Race ๐Ÿ‡บ๐Ÿ‡ธ-Season 14- 13th Alyssa Hunter
100%
โญ๏ธ RuPaul's Drag Race All Stars โญ๏ธ-Season 10- 11th-18th Alyssa Hunter
100%
๐Ÿ‡บ๐Ÿ‡ธ RuPaul's Drag Race ๐Ÿ‡บ๐Ÿ‡ธ-Season 15- 13th Amethyst
100%
๐Ÿ‡บ๐Ÿ‡ธ RuPaul's Drag Race ๐Ÿ‡บ๐Ÿ‡ธ-Season 15- ๐Ÿฅˆ Runner-Up ๐Ÿฅˆ Anetra
100%
๐Ÿ‡บ๐Ÿ‡ธ RuPaul's Drag Race ๐Ÿ‡บ๐Ÿ‡ธ-Season 14- 3rd/4th/5th Angeria Paris VanMichaels
100%
โญ๏ธ RuPaul's Drag Race All Stars โญ๏ธ-Season 9- ๐Ÿ† WINNER ๐Ÿ† Angeria Paris VanMichaels
100%
๐Ÿ‡บ๐Ÿ‡ธ RuPaul's Drag Race ๐Ÿ‡บ๐Ÿ‡ธ-Season 6- 11th April Carriรณn
100%
โญ๏ธ RuPaul's Drag Race All Stars โญ๏ธ-Season 11- TBD April Carriรณn
100%
๐Ÿ‡บ๐Ÿ‡ธ RuPaul's Drag Race ๐Ÿ‡บ๐Ÿ‡ธ-Season 10- ๐Ÿ† WINNER ๐Ÿ† Aquaria
100%
๐Ÿ‡บ๐Ÿ‡ธ RuPaul's Drag Race ๐Ÿ‡บ๐Ÿ‡ธ-Season 17- 8th Arrietty
100%
๐Ÿ‡บ๐Ÿ‡ธ RuPaul's Drag Race ๐Ÿ‡บ๐Ÿ‡ธ-Season 10- 4th Asia O'Hara
100%
๐Ÿ‡บ๐Ÿ‡ธ RuPaul's Drag Race ๐Ÿ‡บ๐Ÿ‡ธ-Season 18- 8th Athena Dion
100%
๐Ÿ‡บ๐Ÿ‡ธ RuPaul's Drag Race ๐Ÿ‡บ๐Ÿ‡ธ-Season 15- 11th Aura Mayari
100%
โญ๏ธ RuPaul's Drag Race All Stars โญ๏ธ-Season 11- TBD Aura Mayari
100%
๐Ÿ‡บ๐Ÿ‡ธ RuPaul's Drag Race ๐Ÿ‡บ๐Ÿ‡ธ-Season 1- ๐Ÿ† WINNER ๐Ÿ† BeBe Zahara Benet
100%
โญ๏ธ RuPaul's Drag Race All Stars โญ๏ธ-Season 3- 3rd/4th BeBe Zahara Benet
100%
๐Ÿ‡บ๐Ÿ‡ธ RuPaul's Drag Race ๐Ÿ‡บ๐Ÿ‡ธ-Season 6- 5th๐Ÿ’ Miss Congeniality ๐Ÿ’ BenDeLaCreme
100%
โญ๏ธ RuPaul's Drag Race All Stars โญ๏ธ-Season 3- 6th[Quit] BenDeLaCreme
100%
๐Ÿ‡บ๐Ÿ‡ธ RuPaul's Drag Race ๐Ÿ‡บ๐Ÿ‡ธ-Season 6- ๐Ÿ† WINNER ๐Ÿ† Bianca Del Rio
100%
๐Ÿ‡บ๐Ÿ‡ธ RuPaul's Drag Race ๐Ÿ‡บ๐Ÿ‡ธ-Season 8- ๐Ÿ† WINNER ๐Ÿ† Bob The Drag Queen
100%
๐Ÿ‡บ๐Ÿ‡ธ RuPaul's Drag Race ๐Ÿ‡บ๐Ÿ‡ธ-Season 14- 3rd/4th/5th Bosco
100%
โญ๏ธ RuPaul's Drag Race All Stars โญ๏ธ-Season 10- 3rd/4th Bosco
100%
๐Ÿ‡บ๐Ÿ‡ธ RuPaul's Drag Race ๐Ÿ‡บ๐Ÿ‡ธ-Season 11- ๐Ÿฅˆ Runner-Up ๐Ÿฅˆ Brooke Lynn Hytes
100%
๐Ÿ‡บ๐Ÿ‡ธ RuPaul's Drag Race ๐Ÿ‡บ๐Ÿ‡ธ-Season 3- 5th[Orig. 6th] Carmen Carrera
100%
๐Ÿ‡บ๐Ÿ‡ธ RuPaul's Drag Race ๐Ÿ‡บ๐Ÿ‡ธ-Season 4- ๐Ÿฅˆ Runner-Up ๐Ÿฅˆ Chad Michaels
100%
โญ๏ธ RuPaul's Drag Race All Stars โญ๏ธ-Season 1- ๐Ÿ† WINNER ๐Ÿ† Chad Michaels
100%
๐Ÿ‡บ๐Ÿ‡ธ RuPaul's Drag Race ๐Ÿ‡บ๐Ÿ‡ธ-Season 8- 4th Chi Chi DeVayne
100%
โญ๏ธ RuPaul's Drag Race All Stars โญ๏ธ-Season 3- 8th Chi Chi DeVayne
100%
๐Ÿ‡บ๐Ÿ‡ธ RuPaul's Drag Race ๐Ÿ‡บ๐Ÿ‡ธ-Season 18- 11th Ciara Myst
100%
๐Ÿ‡บ๐Ÿ‡ธ RuPaul's Drag Race ๐Ÿ‡บ๐Ÿ‡ธ-Season 5- 5th Coco Montrese
100%
โญ๏ธ RuPaul's Drag Race All Stars โญ๏ธ-Season 2- 10th Coco Montrese
100%
๐Ÿ‡บ๐Ÿ‡ธ RuPaul's Drag Race ๐Ÿ‡บ๐Ÿ‡ธ-Season 6- ๐Ÿฅˆ Runner-Up ๐Ÿฅˆ Courtney Act
100%
๐Ÿ‡บ๐Ÿ‡ธ RuPaul's Drag Race ๐Ÿ‡บ๐Ÿ‡ธ-Season 17- 11th๐Ÿ’ Miss Congeniality ๐Ÿ’ Crystal Envy
100%
๐Ÿ‡บ๐Ÿ‡ธ RuPaul's Drag Race ๐Ÿ‡บ๐Ÿ‡ธ-Season 12- ๐Ÿฅˆ Runner-Up ๐Ÿฅˆ Crystal Methyd
100%
โญ๏ธ RuPaul's Drag Race All Stars โญ๏ธ-Season 11- TBD Crystal Methyd
100%
๐Ÿ‡บ๐Ÿ‡ธ RuPaul's Drag Race ๐Ÿ‡บ๐Ÿ‡ธ-Season 8- 10th๐Ÿ’ Miss Congeniality ๐Ÿ’ Cynthia Lee Fontaine
100%
๐Ÿ‡บ๐Ÿ‡ธ RuPaul's Drag Race ๐Ÿ‡บ๐Ÿ‡ธ-Season 9- 10th Cynthia Lee Fontaine
100%
โญ๏ธ RuPaul's Drag Race All Stars โญ๏ธ-Season 10- 10th Cynthia Lee Fontaine
100%
๐Ÿ‡บ๐Ÿ‡ธ RuPaul's Drag Race ๐Ÿ‡บ๐Ÿ‡ธ-Season 12- 13th Dahlia Sin
100%
๐Ÿ‡บ๐Ÿ‡ธ RuPaul's Drag Race ๐Ÿ‡บ๐Ÿ‡ธ-Season 6- 4th Darienne Lake
100%
โญ๏ธ RuPaul's Drag Race All Stars โญ๏ธ-Season 8- 9th Darienne Lake
100%
๐Ÿ‡บ๐Ÿ‡ธ RuPaul's Drag Race ๐Ÿ‡บ๐Ÿ‡ธ-Season 18- 3rd Darlene Mitchell
100%
๐Ÿ‡บ๐Ÿ‡ธ RuPaul's Drag Race ๐Ÿ‡บ๐Ÿ‡ธ-Season 16- 6th Dawn
100%
โญ๏ธ RuPaul's Drag Race All Stars โญ๏ธ-Season 11- TBD Dawn
100%
๐Ÿ‡บ๐Ÿ‡ธ RuPaul's Drag Race ๐Ÿ‡บ๐Ÿ‡ธ-Season 8- 11th/12th Dax ExclamationPoint
100%
๐Ÿ‡บ๐Ÿ‡ธ RuPaul's Drag Race ๐Ÿ‡บ๐Ÿ‡ธ-Season 14- 3rd/4th/5th[Orig. 13th/14th] Daya Betty
100%
โญ๏ธ RuPaul's Drag Race All Stars โญ๏ธ-Season 10- 5th-8th Daya Betty
100%
๐Ÿ‡บ๐Ÿ‡ธ RuPaul's Drag Race ๐Ÿ‡บ๐Ÿ‡ธ-Season 18- 14th DD Fuego
100%
๐Ÿ‡บ๐Ÿ‡ธ RuPaul's Drag Race ๐Ÿ‡บ๐Ÿ‡ธ-Season 14- 6th/7th DeJa Skye
100%
โญ๏ธ RuPaul's Drag Race All Stars โญ๏ธ-Season 10- 11th-18th DeJa Skye
100%
๐Ÿ‡บ๐Ÿ‡ธ RuPaul's Drag Race ๐Ÿ‡บ๐Ÿ‡ธ-Season 13- 8th Denali
100%
โญ๏ธ RuPaul's Drag Race All Stars โญ๏ธ-Season 10- 11th-18th Denali
100%
๐Ÿ‡บ๐Ÿ‡ธ RuPaul's Drag Race ๐Ÿ‡บ๐Ÿ‡ธ-Season 8- 5th Derrick Barry
100%
โญ๏ธ RuPaul's Drag Race All Stars โญ๏ธ-Season 5- 10th Derrick Barry
100%
๐Ÿ‡บ๐Ÿ‡ธ RuPaul's Drag Race ๐Ÿ‡บ๐Ÿ‡ธ-Season 5- 4th Detox
100%
โญ๏ธ RuPaul's Drag Race All Stars โญ๏ธ-Season 2- ๐Ÿฅˆ Runner-Up ๐Ÿฅˆ Detox
100%
๐Ÿ‡บ๐Ÿ‡ธ RuPaul's Drag Race ๐Ÿ‡บ๐Ÿ‡ธ-Season 4- 6th DiDa Ritz
100%
๐Ÿ‡บ๐Ÿ‡ธ RuPaul's Drag Race ๐Ÿ‡บ๐Ÿ‡ธ-Season 18- 6th Discord Addams
100%
๐Ÿ‡บ๐Ÿ‡ธ RuPaul's Drag Race ๐Ÿ‡บ๐Ÿ‡ธ-Season 10- 11th Dusty Ray Bottoms
100%
๐Ÿ‡บ๐Ÿ‡ธ RuPaul's Drag Race ๐Ÿ‡บ๐Ÿ‡ธ-Season 13- 9th Elliott with 2 Ts
100%
๐Ÿ‡บ๐Ÿ‡ธ RuPaul's Drag Race ๐Ÿ‡บ๐Ÿ‡ธ-Season 9- 11th[Departed] Eureka!
100%
๐Ÿ‡บ๐Ÿ‡ธ RuPaul's Drag Race ๐Ÿ‡บ๐Ÿ‡ธ-Season 10- ๐Ÿฅˆ Runner-Up ๐Ÿฅˆ Eureka!
100%
โญ๏ธ RuPaul's Drag Race All Stars โญ๏ธ-Season 6- ๐Ÿฅˆ Runner-Up ๐Ÿฅˆ [Orig. 5th] Eureka!
100%
๐Ÿ‡บ๐Ÿ‡ธ RuPaul's Drag Race ๐Ÿ‡บ๐Ÿ‡ธ-Season 6- 10th Gia Gunn
100%
โญ๏ธ RuPaul's Drag Race All Stars โญ๏ธ-Season 4- 8th Gia Gunn
100%
๐Ÿ‡บ๐Ÿ‡ธ RuPaul's Drag Race ๐Ÿ‡บ๐Ÿ‡ธ-Season 12- ๐Ÿฅˆ Runner-Up ๐Ÿฅˆ Gigi Goode
100%
๐Ÿ‡บ๐Ÿ‡ธ RuPaul's Drag Race ๐Ÿ‡บ๐Ÿ‡ธ-Season 7- ๐Ÿฅˆ Runner-Up ๐Ÿฅˆ Ginger Minj
100%
โญ๏ธ RuPaul's Drag Race All Stars โญ๏ธ-Season 2- 8th Ginger Minj
100%
โญ๏ธ RuPaul's Drag Race All Stars โญ๏ธ-Season 6- ๐Ÿฅˆ Runner-Up ๐Ÿฅˆ Ginger Minj
100%
โญ๏ธ RuPaul's Drag Race All Stars โญ๏ธ-Season 10- ๐Ÿ† WINNER ๐Ÿ† Ginger Minj
100%
๐Ÿ‡บ๐Ÿ‡ธ RuPaul's Drag Race ๐Ÿ‡บ๐Ÿ‡ธ-Season 13- 3rd/4th Gottmik
100%
โญ๏ธ RuPaul's Drag Race All Stars โญ๏ธ-Season 9- 4th-8th Gottmik
100%
๐Ÿ‡บ๐Ÿ‡ธ RuPaul's Drag Race ๐Ÿ‡บ๐Ÿ‡ธ-Season 12- 6th๐Ÿ’ Miss Congeniality ๐Ÿ’ Heidi N Closet
100%
โญ๏ธ RuPaul's Drag Race All Stars โญ๏ธ-Season 8- 8th[Quit] Heidi N Closet
100%
๐Ÿ‡บ๐Ÿ‡ธ RuPaul's Drag Race ๐Ÿ‡บ๐Ÿ‡ธ-Season 16- 14th Hershii LiqCour-Jetรฉ
100%
โญ๏ธ RuPaul's Drag Race All Stars โญ๏ธ-Season 11- TBD Hershii LiqCour-Jetรฉ
100%
๐Ÿ‡บ๐Ÿ‡ธ RuPaul's Drag Race ๐Ÿ‡บ๐Ÿ‡ธ-Season 11- 13th Honey Davenport
100%
๐Ÿ‡บ๐Ÿ‡ธ RuPaul's Drag Race ๐Ÿ‡บ๐Ÿ‡ธ-Season 5- 10th/11th Honey Mahogany
100%
๐Ÿ‡บ๐Ÿ‡ธ RuPaul's Drag Race ๐Ÿ‡บ๐Ÿ‡ธ-Season 17- 12th Hormona Lisa
100%
๐Ÿ‡บ๐Ÿ‡ธ RuPaul's Drag Race ๐Ÿ‡บ๐Ÿ‡ธ-Season 15- 16th Irene the Alien
100%
โญ๏ธ RuPaul's Drag Race All Stars โญ๏ธ-Season 10- 5th-8th Irene the Alien
100%
๐Ÿ‡บ๐Ÿ‡ธ RuPaul's Drag Race ๐Ÿ‡บ๐Ÿ‡ธ-Season 5- 7th๐Ÿ’ Miss Congeniality ๐Ÿ’ Ivy Winters
100%
๐Ÿ‡บ๐Ÿ‡ธ RuPaul's Drag Race ๐Ÿ‡บ๐Ÿ‡ธ-Season 12- 5th Jackie Cox
100%
๐Ÿ‡บ๐Ÿ‡ธ RuPaul's Drag Race ๐Ÿ‡บ๐Ÿ‡ธ-Season 1- 6th Jade
100%
๐Ÿ‡บ๐Ÿ‡ธ RuPaul's Drag Race ๐Ÿ‡บ๐Ÿ‡ธ-Season 12- ๐Ÿ† WINNER ๐Ÿ† Jaida Essence Hall
100%
โญ๏ธ RuPaul's Drag Race All Stars โญ๏ธ-Season 7- 5th-8th Jaida Essence Hall
100%
๐Ÿ‡บ๐Ÿ‡ธ RuPaul's Drag Race ๐Ÿ‡บ๐Ÿ‡ธ-Season 7- 8th Jaidynn Diore Fierce
100%
๐Ÿ‡บ๐Ÿ‡ธ RuPaul's Drag Race ๐Ÿ‡บ๐Ÿ‡ธ-Season 12- 8th Jan
100%
โญ๏ธ RuPaul's Drag Race All Stars โญ๏ธ-Season 6- 7th Jan
100%
๐Ÿ‡บ๐Ÿ‡ธ RuPaul's Drag Race ๐Ÿ‡บ๐Ÿ‡ธ-Season 18- 5th๐Ÿ’ Miss Congeniality ๐Ÿ’ Jane Don't
100%
๐Ÿ‡บ๐Ÿ‡ธ RuPaul's Drag Race ๐Ÿ‡บ๐Ÿ‡ธ-Season 14- 8th Jasmine Kennedie
100%
โญ๏ธ RuPaul's Drag Race All Stars โญ๏ธ-Season 11- TBD Jasmine Kennedie
100%
๐Ÿ‡บ๐Ÿ‡ธ RuPaul's Drag Race ๐Ÿ‡บ๐Ÿ‡ธ-Season 7- 12th Jasmine Masters
100%
โญ๏ธ RuPaul's Drag Race All Stars โญ๏ธ-Season 4- 10th Jasmine Masters
100%
๐Ÿ‡บ๐Ÿ‡ธ RuPaul's Drag Race ๐Ÿ‡บ๐Ÿ‡ธ-Season 15- 10th Jax
100%
๐Ÿ‡บ๐Ÿ‡ธ RuPaul's Drag Race ๐Ÿ‡บ๐Ÿ‡ธ-Season 9- 14th Jaymes Mansfield
100%
โญ๏ธ RuPaul's Drag Race All Stars โญ๏ธ-Season 8- 7th Jaymes Mansfield
100%
๐Ÿ‡บ๐Ÿ‡ธ RuPaul's Drag Race ๐Ÿ‡บ๐Ÿ‡ธ-Season 2- 6th Jessica Wild
100%
โญ๏ธ RuPaul's Drag Race All Stars โญ๏ธ-Season 8- 3rd Jessica Wild
100%
๐Ÿ‡บ๐Ÿ‡ธ RuPaul's Drag Race ๐Ÿ‡บ๐Ÿ‡ธ-Season 17- ๐Ÿฅˆ Runner-Up ๐Ÿฅˆ Jewels Sparkles
100%
๐Ÿ‡บ๐Ÿ‡ธ RuPaul's Drag Race ๐Ÿ‡บ๐Ÿ‡ธ-Season 4- 8th Jiggly Caliente
100%
โญ๏ธ RuPaul's Drag Race All Stars โญ๏ธ-Season 6- 12th Jiggly Caliente
100%
โญ๏ธ RuPaul's Drag Race All Stars โญ๏ธ-Season 8- ๐Ÿ† WINNER ๐Ÿ† Jimbo
100%
๐Ÿ‡บ๐Ÿ‡ธ RuPaul's Drag Race ๐Ÿ‡บ๐Ÿ‡ธ-Season 5- ๐Ÿ† WINNER ๐Ÿ† Jinkx Monsoon
100%
โญ๏ธ RuPaul's Drag Race All Stars โญ๏ธ-Season 7- ๐Ÿ† WINNER ๐Ÿ† Jinkx Monsoon
100%
๐Ÿ‡บ๐Ÿ‡ธ RuPaul's Drag Race ๐Ÿ‡บ๐Ÿ‡ธ-Season 17- 13th Joella
100%
๐Ÿ‡บ๐Ÿ‡ธ RuPaul's Drag Race ๐Ÿ‡บ๐Ÿ‡ธ-Season 13- 12th Joey Jay
100%
โญ๏ธ RuPaul's Drag Race All Stars โญ๏ธ-Season 11- TBD Joey Jay
100%
๐Ÿ‡บ๐Ÿ‡ธ RuPaul's Drag Race ๐Ÿ‡บ๐Ÿ‡ธ-Season 14- 6th/7th Jorgeous
100%
โญ๏ธ RuPaul's Drag Race All Stars โญ๏ธ-Season 9- 4th-8th Jorgeous
100%
โญ๏ธ RuPaul's Drag Race All Stars โญ๏ธ-Season 10- ๐Ÿฅˆ Runner-Up ๐Ÿฅˆ Jorgeous
100%
๐Ÿ‡บ๐Ÿ‡ธ RuPaul's Drag Race ๐Ÿ‡บ๐Ÿ‡ธ-Season 6- 6th Joslyn Fox
100%
๐Ÿ‡บ๐Ÿ‡ธ RuPaul's Drag Race ๐Ÿ‡บ๐Ÿ‡ธ-Season 18- 4th Juicy Love Dion
100%
๐Ÿ‡บ๐Ÿ‡ธ RuPaul's Drag Race ๐Ÿ‡บ๐Ÿ‡ธ-Season 2- 3rd Jujubee
100%
โญ๏ธ RuPaul's Drag Race All Stars โญ๏ธ-Season 1- 3rd/4th Jujubee
100%
โญ๏ธ RuPaul's Drag Race All Stars โญ๏ธ-Season 5- ๐Ÿฅˆ Runner-Up ๐Ÿฅˆ Jujubee
100%
๐Ÿ‡บ๐Ÿ‡ธ RuPaul's Drag Race ๐Ÿ‡บ๐Ÿ‡ธ-Season 14- 14th June Jambalaya
100%
๐Ÿ‡บ๐Ÿ‡ธ RuPaul's Drag Race ๐Ÿ‡บ๐Ÿ‡ธ-Season 11- 14th Kahanna Montrese
100%
โญ๏ธ RuPaul's Drag Race All Stars โญ๏ธ-Season 8- 6th Kahanna Montrese
100%
๐Ÿ‡บ๐Ÿ‡ธ RuPaul's Drag Race ๐Ÿ‡บ๐Ÿ‡ธ-Season 13- 13th Kahmora Hall
100%
๐Ÿ‡บ๐Ÿ‡ธ RuPaul's Drag Race ๐Ÿ‡บ๐Ÿ‡ธ-Season 10- ๐Ÿฅˆ Runner-Up ๐Ÿฅˆ Kameron Michaels
100%
๐Ÿ‡บ๐Ÿ‡ธ RuPaul's Drag Race ๐Ÿ‡บ๐Ÿ‡ธ-Season 7- 10th Kandy Ho
100%
๐Ÿ‡บ๐Ÿ‡ธ RuPaul's Drag Race ๐Ÿ‡บ๐Ÿ‡ธ-Season 13- ๐Ÿฅˆ Runner-Up ๐Ÿฅˆ Kandy Muse
100%
โญ๏ธ RuPaul's Drag Race All Stars โญ๏ธ-Season 8- ๐Ÿฅˆ Runner-Up ๐Ÿฅˆ Kandy Muse
100%
๐Ÿ‡บ๐Ÿ‡ธ RuPaul's Drag Race ๐Ÿ‡บ๐Ÿ‡ธ-Season 7- 5th๐Ÿ’ Miss Congeniality ๐Ÿ’ Katya
100%
โญ๏ธ RuPaul's Drag Race All Stars โญ๏ธ-Season 2- ๐Ÿฅˆ Runner-Up ๐Ÿฅˆ Katya
100%
๐Ÿ‡บ๐Ÿ‡ธ RuPaul's Drag Race ๐Ÿ‡บ๐Ÿ‡ธ-Season 6- 13th/14th Kelly Mantle
100%
๐Ÿ‡บ๐Ÿ‡ธ RuPaul's Drag Race ๐Ÿ‡บ๐Ÿ‡ธ-Season 7- 4th Kennedy Davenport
100%
โญ๏ธ RuPaul's Drag Race All Stars โญ๏ธ-Season 3- ๐Ÿฅˆ Runner-Up ๐Ÿฅˆ Kennedy Davenport
100%
โญ๏ธ RuPaul's Drag Race All Stars โญ๏ธ-Season 11- TBD Kennedy Davenport
100%
๐Ÿ‡บ๐Ÿ‡ธ RuPaul's Drag Race ๐Ÿ‡บ๐Ÿ‡ธ-Season 4- 5th[Orig. 9th] Kenya Michaels
100%
๐Ÿ‡บ๐Ÿ‡ธ RuPaul's Drag Race ๐Ÿ‡บ๐Ÿ‡ธ-Season 18- 7th Kenya Pleaser
100%
๐Ÿ‡บ๐Ÿ‡ธ RuPaul's Drag Race ๐Ÿ‡บ๐Ÿ‡ธ-Season 14- 9th Kerri Colby
100%
โญ๏ธ RuPaul's Drag Race All Stars โญ๏ธ-Season 10- 5th-8th (Orig. 10th-18th) Kerri Colby
100%
๐Ÿ‡บ๐Ÿ‡ธ RuPaul's Drag Race ๐Ÿ‡บ๐Ÿ‡ธ-Season 8- ๐Ÿฅˆ Runner-Up ๐Ÿฅˆ Kim Chi
100%
๐Ÿ‡บ๐Ÿ‡ธ RuPaul's Drag Race ๐Ÿ‡บ๐Ÿ‡ธ-Season 9- 13th Kimora Blac
100%
๐Ÿ‡บ๐Ÿ‡ธ RuPaul's Drag Race ๐Ÿ‡บ๐Ÿ‡ธ-Season 17- 9th Kori King
100%
๐Ÿ‡บ๐Ÿ‡ธ RuPaul's Drag Race ๐Ÿ‡บ๐Ÿ‡ธ-Season 14- 12th[Departed] ๐Ÿ’ Miss Congeniality ๐Ÿ’ Kornbread 'The Snack' Jetรฉ
100%
๐Ÿ‡บ๐Ÿ‡ธ RuPaul's Drag Race ๐Ÿ‡บ๐Ÿ‡ธ-Season 2- 9th Kylie Sonique Love
100%
โญ๏ธ RuPaul's Drag Race All Stars โญ๏ธ-Season 6- ๐Ÿ† WINNER ๐Ÿ† Kylie Sonique Love
100%
๐Ÿ‡บ๐Ÿ‡ธ RuPaul's Drag Race ๐Ÿ‡บ๐Ÿ‡ธ-Season 14- ๐Ÿฅˆ Runner-Up ๐Ÿฅˆ Lady Camden
100%
๐Ÿ‡บ๐Ÿ‡ธ RuPaul's Drag Race ๐Ÿ‡บ๐Ÿ‡ธ-Season 6- 8th Laganja Estranja
100%
๐Ÿ‡บ๐Ÿ‡ธ RuPaul's Drag Race ๐Ÿ‡บ๐Ÿ‡ธ-Season 13- 10th๐Ÿ’ Miss Congeniality ๐Ÿ’ LaLa Ri
100%
โญ๏ธ RuPaul's Drag Race All Stars โญ๏ธ-Season 8- 5th LaLa Ri
100%
๐Ÿ‡บ๐Ÿ‡ธ RuPaul's Drag Race ๐Ÿ‡บ๐Ÿ‡ธ-Season 17- 6th Lana Ja'Rae
100%
๐Ÿ‡บ๐Ÿ‡ธ RuPaul's Drag Race ๐Ÿ‡บ๐Ÿ‡ธ-Season 4- 12th Lashauwn Beyond
100%
๐Ÿ‡บ๐Ÿ‡ธ RuPaul's Drag Race ๐Ÿ‡บ๐Ÿ‡ธ-Season 4- 4th๐Ÿ’ Miss Congeniality ๐Ÿ’ Latrice Royale
100%
โญ๏ธ RuPaul's Drag Race All Stars โญ๏ธ-Season 1- 7th/8th Latrice Royale
100%
โญ๏ธ RuPaul's Drag Race All Stars โญ๏ธ-Season 4- 5th[Orig. 7th] Latrice Royale
100%
๐Ÿ‡บ๐Ÿ‡ธ RuPaul's Drag Race ๐Ÿ‡บ๐Ÿ‡ธ-Season 17- 3rd/4th Lexi Love
100%
๐Ÿ‡บ๐Ÿ‡ธ RuPaul's Drag Race ๐Ÿ‡บ๐Ÿ‡ธ-Season 15- 5th Loosey LaDuca
100%
๐Ÿ‡บ๐Ÿ‡ธ RuPaul's Drag Race ๐Ÿ‡บ๐Ÿ‡ธ-Season 17- 14th Lucky Starzzz
100%
โญ๏ธ RuPaul's Drag Race All Stars โญ๏ธ-Season 11- TBD Lucky Starzzz
100%
๐Ÿ‡บ๐Ÿ‡ธ RuPaul's Drag Race ๐Ÿ‡บ๐Ÿ‡ธ-Season 15- 3rd/4th Luxx Noir London
100%
๐Ÿ‡บ๐Ÿ‡ธ RuPaul's Drag Race ๐Ÿ‡บ๐Ÿ‡ธ-Season 17- 7th Lydia B Kollins
100%
โญ๏ธ RuPaul's Drag Race All Stars โญ๏ธ-Season 10- 3rd/4th Lydia B Kollins
100%
๐Ÿ‡บ๐Ÿ‡ธ RuPaul's Drag Race ๐Ÿ‡บ๐Ÿ‡ธ-Season 15- 8th๐Ÿ’ Miss Congeniality ๐Ÿ’ Malaysia Babydoll Foxx
100%
๐Ÿ‡บ๐Ÿ‡ธ RuPaul's Drag Race ๐Ÿ‡บ๐Ÿ‡ธ-Season 18- 13th Mandy Mango
100%
๐Ÿ‡บ๐Ÿ‡ธ RuPaul's Drag Race ๐Ÿ‡บ๐Ÿ‡ธ-Season 3- ๐Ÿฅˆ Runner-Up ๐Ÿฅˆ Manila Luzon
100%
โญ๏ธ RuPaul's Drag Race All Stars โญ๏ธ-Season 1- 7th/8th Manila Luzon
100%
โญ๏ธ RuPaul's Drag Race All Stars โญ๏ธ-Season 4- 6th Manila Luzon
100%
๐Ÿ‡บ๐Ÿ‡ธ RuPaul's Drag Race ๐Ÿ‡บ๐Ÿ‡ธ-Season 15- 7th Marcia Marcia Marcia
100%
๐Ÿ‡บ๐Ÿ‡ธ RuPaul's Drag Race ๐Ÿ‡บ๐Ÿ‡ธ-Season 3- 9th Mariah Paris Balenciaga
100%
โญ๏ธ RuPaul's Drag Race All Stars โญ๏ธ-Season 5- 8th Mariah Paris Balenciaga
100%
๐Ÿ‡บ๐Ÿ‡ธ RuPaul's Drag Race ๐Ÿ‡บ๐Ÿ‡ธ-Season 16- 10th Megami
100%
๐Ÿ‡บ๐Ÿ‡ธ RuPaul's Drag Race ๐Ÿ‡บ๐Ÿ‡ธ-Season 18- 9th Mia Starr
100%
๐Ÿ‡บ๐Ÿ‡ธ RuPaul's Drag Race ๐Ÿ‡บ๐Ÿ‡ธ-Season 4- 9th Milan
100%
๐Ÿ‡บ๐Ÿ‡ธ RuPaul's Drag Race ๐Ÿ‡บ๐Ÿ‡ธ-Season 6- 9th Milk
100%
โญ๏ธ RuPaul's Drag Race All Stars โญ๏ธ-Season 3- 9th Milk
100%
๐Ÿ‡บ๐Ÿ‡ธ RuPaul's Drag Race ๐Ÿ‡บ๐Ÿ‡ธ-Season 3- 11th Mimi Imfurst
100%
โญ๏ธ RuPaul's Drag Race All Stars โญ๏ธ-Season 1- 11th/12th Mimi Imfurst
100%
๐Ÿ‡บ๐Ÿ‡ธ RuPaul's Drag Race ๐Ÿ‡บ๐Ÿ‡ธ-Season 16- 13th Mirage
100%
๐Ÿ‡บ๐Ÿ‡ธ RuPaul's Drag Race ๐Ÿ‡บ๐Ÿ‡ธ-Season 7- 7th Miss Fame
100%
๐Ÿ‡บ๐Ÿ‡ธ RuPaul's Drag Race ๐Ÿ‡บ๐Ÿ‡ธ-Season 15- 3rd/4th Mistress Isabelle Brooks
100%
โญ๏ธ RuPaul's Drag Race All Stars โญ๏ธ-Season 10- 9th Mistress Isabelle Brooks
100%
๐Ÿ‡บ๐Ÿ‡ธ RuPaul's Drag Race ๐Ÿ‡บ๐Ÿ‡ธ-Season 10- 5th Miz Cracker
100%
โญ๏ธ RuPaul's Drag Race All Stars โญ๏ธ-Season 5- ๐Ÿฅˆ Runner-Up ๐Ÿฅˆ Miz Cracker
100%
๐Ÿ‡บ๐Ÿ‡ธ RuPaul's Drag Race ๐Ÿ‡บ๐Ÿ‡ธ-Season 10- 8th Mo Heart
100%
โญ๏ธ RuPaul's Drag Race All Stars โญ๏ธ-Season 4- ๐Ÿฅˆ Runner-Up ๐Ÿฅˆ Mo Heart
100%
๐Ÿ‡บ๐Ÿ‡ธ RuPaul's Drag Race ๐Ÿ‡บ๐Ÿ‡ธ-Season 10- 6th๐Ÿ’ Miss Congeniality ๐Ÿ’ Monรฉt X Change
100%
โญ๏ธ RuPaul's Drag Race All Stars โญ๏ธ-Season 4- ๐Ÿ† WINNER ๐Ÿ† Monรฉt X Change
100%
โญ๏ธ RuPaul's Drag Race All Stars โญ๏ธ-Season 7- ๐Ÿฅˆ Runner-Up ๐Ÿฅˆ Monรฉt X Change
100%
๐Ÿ‡บ๐Ÿ‡ธ RuPaul's Drag Race ๐Ÿ‡บ๐Ÿ‡ธ-Season 2- 8th Morgan McMichaels
100%
โญ๏ธ RuPaul's Drag Race All Stars โญ๏ธ-Season 3- 5th[Orig. 10th] Morgan McMichaels
100%
โญ๏ธ RuPaul's Drag Race All Stars โญ๏ธ-Season 11- TBD Morgan McMichaels
100%
๐Ÿ‡บ๐Ÿ‡ธ RuPaul's Drag Race ๐Ÿ‡บ๐Ÿ‡ธ-Season 16- 5th Morphine Love Dion
100%
โญ๏ธ RuPaul's Drag Race All Stars โญ๏ธ-Season 11- TBD Morphine Love Dion
100%
๐Ÿ‡บ๐Ÿ‡ธ RuPaul's Drag Race ๐Ÿ‡บ๐Ÿ‡ธ-Season 7- 11th Mrs. Kasha Davis
100%
โญ๏ธ RuPaul's Drag Race All Stars โญ๏ธ-Season 8- 10th Mrs. Kasha Davis
100%
๐Ÿ‡บ๐Ÿ‡ธ RuPaul's Drag Race ๐Ÿ‡บ๐Ÿ‡ธ-Season 18- ๐Ÿ† WINNER ๐Ÿ† Myki Meeks
100%
๐Ÿ‡บ๐Ÿ‡ธ RuPaul's Drag Race ๐Ÿ‡บ๐Ÿ‡ธ-Season 8- ๐Ÿฅˆ Runner-Up ๐Ÿฅˆ Naomi Smalls
100%
โญ๏ธ RuPaul's Drag Race All Stars โญ๏ธ-Season 4- ๐Ÿฅˆ Runner-Up ๐Ÿฅˆ Naomi Smalls
100%
๐Ÿ‡บ๐Ÿ‡ธ RuPaul's Drag Race ๐Ÿ‡บ๐Ÿ‡ธ-Season 2- 11th Nicole Paige Brooks
100%
โญ๏ธ RuPaul's Drag Race All Stars โญ๏ธ-Season 10- 11th-18th Nicole Paige Brooks
100%
๐Ÿ‡บ๐Ÿ‡ธ RuPaul's Drag Race ๐Ÿ‡บ๐Ÿ‡ธ-Season 9- 6th Nina Bo'nina Brown
100%
๐Ÿ‡บ๐Ÿ‡ธ RuPaul's Drag Race ๐Ÿ‡บ๐Ÿ‡ธ-Season 1- ๐Ÿฅˆ Runner-Up ๐Ÿฅˆ๐Ÿ’ Miss Congeniality ๐Ÿ’ Nina Flowers
100%
โญ๏ธ RuPaul's Drag Race All Stars โญ๏ธ-Season 1- 9th/10th Nina Flowers
100%
๐Ÿ‡บ๐Ÿ‡ธ RuPaul's Drag Race ๐Ÿ‡บ๐Ÿ‡ธ-Season 11- 6th๐Ÿ’ Miss Congeniality ๐Ÿ’ Nina West
100%
โญ๏ธ RuPaul's Drag Race All Stars โญ๏ธ-Season 9- 4th-8th Nina West
100%
๐Ÿ‡บ๐Ÿ‡ธ RuPaul's Drag Race ๐Ÿ‡บ๐Ÿ‡ธ-Season 18- ๐Ÿฅˆ Runner-Up ๐Ÿฅˆ Nini Coco
100%
๐Ÿ‡บ๐Ÿ‡ธ RuPaul's Drag Race ๐Ÿ‡บ๐Ÿ‡ธ-Season 16- ๐Ÿ† WINNER ๐Ÿ† Nymphia Wind
100%
๐Ÿ‡บ๐Ÿ‡ธ RuPaul's Drag Race ๐Ÿ‡บ๐Ÿ‡ธ-Season 13- 5th Olivia Lux
100%
โญ๏ธ RuPaul's Drag Race All Stars โญ๏ธ-Season 10- 11th-18th Olivia Lux
100%
๐Ÿ‡บ๐Ÿ‡ธ RuPaul's Drag Race ๐Ÿ‡บ๐Ÿ‡ธ-Season 1- 5th Ongina
100%
โญ๏ธ RuPaul's Drag Race All Stars โญ๏ธ-Season 5- 9th Ongina
100%
๐Ÿ‡บ๐Ÿ‡ธ RuPaul's Drag Race ๐Ÿ‡บ๐Ÿ‡ธ-Season 17- ๐Ÿ† WINNER ๐Ÿ† Onya Nurve
100%
๐Ÿ‡บ๐Ÿ‡ธ RuPaul's Drag Race ๐Ÿ‡บ๐Ÿ‡ธ-Season 14- 11th[Orig. 13th/14th] Orion Story
100%
๐Ÿ‡บ๐Ÿ‡ธ RuPaul's Drag Race ๐Ÿ‡บ๐Ÿ‡ธ-Season 2- 5th๐Ÿ’ Miss Congeniality ๐Ÿ’ Pandora Boxx
100%
โญ๏ธ RuPaul's Drag Race All Stars โญ๏ธ-Season 1- 11th/12th Pandora Boxx
100%
โญ๏ธ RuPaul's Drag Race All Stars โญ๏ธ-Season 6- 6th Pandora Boxx
100%
๐Ÿ‡บ๐Ÿ‡ธ RuPaul's Drag Race ๐Ÿ‡บ๐Ÿ‡ธ-Season 7- ๐Ÿฅˆ Runner-Up ๐Ÿฅˆ Pearl
100%
๐Ÿ‡บ๐Ÿ‡ธ RuPaul's Drag Race ๐Ÿ‡บ๐Ÿ‡ธ-Season 5- 14th Penny Tration
100%
๐Ÿ‡บ๐Ÿ‡ธ RuPaul's Drag Race ๐Ÿ‡บ๐Ÿ‡ธ-Season 9- ๐Ÿฅˆ Runner-Up ๐Ÿฅˆ Peppermint
100%
๐Ÿ‡บ๐Ÿ‡ธ RuPaul's Drag Race ๐Ÿ‡บ๐Ÿ‡ธ-Season 4- ๐Ÿฅˆ Runner-Up ๐Ÿฅˆ Phi Phi O'Hara
100%
โญ๏ธ RuPaul's Drag Race All Stars โญ๏ธ-Season 2- 7th Phi Phi O'Hara
100%
๐Ÿ‡บ๐Ÿ‡ธ RuPaul's Drag Race ๐Ÿ‡บ๐Ÿ‡ธ-Season 3- 12th Phoenix
100%
โญ๏ธ RuPaul's Drag Race All Stars โญ๏ธ-Season 10- 11th-18th Phoenix
100%
๐Ÿ‡บ๐Ÿ‡ธ RuPaul's Drag Race ๐Ÿ‡บ๐Ÿ‡ธ-Season 16- 3rd Plane Jane
100%
๐Ÿ‡บ๐Ÿ‡ธ RuPaul's Drag Race ๐Ÿ‡บ๐Ÿ‡ธ-Season 16- 8th Plasma
100%
๐Ÿ‡บ๐Ÿ‡ธ RuPaul's Drag Race ๐Ÿ‡บ๐Ÿ‡ธ-Season 11- 8th Plastique Tiara
100%
โญ๏ธ RuPaul's Drag Race All Stars โญ๏ธ-Season 9- 4th-8th Plastique Tiara
100%
๐Ÿ‡บ๐Ÿ‡ธ RuPaul's Drag Race ๐Ÿ‡บ๐Ÿ‡ธ-Season 15- 15th Princess Poppy
100%
๐Ÿ‡บ๐Ÿ‡ธ RuPaul's Drag Race ๐Ÿ‡บ๐Ÿ‡ธ-Season 16- 4th Q
100%
๐Ÿ‡บ๐Ÿ‡ธ RuPaul's Drag Race ๐Ÿ‡บ๐Ÿ‡ธ-Season 3- ๐Ÿ† WINNER ๐Ÿ† Raja
100%
โญ๏ธ RuPaul's Drag Race All Stars โญ๏ธ-Season 7- 5th-8th Raja
100%
๐Ÿ‡บ๐Ÿ‡ธ RuPaul's Drag Race ๐Ÿ‡บ๐Ÿ‡ธ-Season 11- 9th Ra'Jah O'Hara
100%
โญ๏ธ RuPaul's Drag Race All Stars โญ๏ธ-Season 6- ๐Ÿฅˆ Runner-Up ๐Ÿฅˆ Ra'Jah O'Hara
100%
๐Ÿ‡บ๐Ÿ‡ธ RuPaul's Drag Race ๐Ÿ‡บ๐Ÿ‡ธ-Season 2- ๐Ÿฅˆ Runner-Up ๐Ÿฅˆ Raven
100%
โญ๏ธ RuPaul's Drag Race All Stars โญ๏ธ-Season 1- ๐Ÿฅˆ Runner-Up ๐Ÿฅˆ Raven
100%
๐Ÿ‡บ๐Ÿ‡ธ RuPaul's Drag Race ๐Ÿ‡บ๐Ÿ‡ธ-Season 12- 12th Rock M. Sakura
100%
๐Ÿ‡บ๐Ÿ‡ธ RuPaul's Drag Race ๐Ÿ‡บ๐Ÿ‡ธ-Season 13- 3rd/4th Rosรฉ
100%
๐Ÿ‡บ๐Ÿ‡ธ RuPaul's Drag Race ๐Ÿ‡บ๐Ÿ‡ธ-Season 5- ๐Ÿฅˆ Runner-Up ๐Ÿฅˆ Roxxxy Andrews
100%
โญ๏ธ RuPaul's Drag Race All Stars โญ๏ธ-Season 2- 4th Roxxxy Andrews
100%
โญ๏ธ RuPaul's Drag Race All Stars โญ๏ธ-Season 9- ๐Ÿฅˆ Runner-Up ๐Ÿฅˆ Roxxxy Andrews
100%
๐Ÿ‡บ๐Ÿ‡ธ RuPaul's Drag Race ๐Ÿ‡บ๐Ÿ‡ธ-Season 2- 7th Sahara Davenport
100%
๐Ÿ‡บ๐Ÿ‡ธ RuPaul's Drag Race ๐Ÿ‡บ๐Ÿ‡ธ-Season 15- 6th Salina EsTitties
100%
โญ๏ธ RuPaul's Drag Race All Stars โญ๏ธ-Season 11- TBD Salina EsTitties
100%
๐Ÿ‡บ๐Ÿ‡ธ RuPaul's Drag Race ๐Ÿ‡บ๐Ÿ‡ธ-Season 17- 3rd/4th Sam Star
100%
โญ๏ธ RuPaul's Drag Race All Stars โญ๏ธ-Season 11- TBD Sam Star
100%
๐Ÿ‡บ๐Ÿ‡ธ RuPaul's Drag Race ๐Ÿ‡บ๐Ÿ‡ธ-Season 16- ๐Ÿฅˆ Runner-Up ๐Ÿฅˆ๐Ÿ’ Miss Congeniality ๐Ÿ’ Sapphira Cristรกl
100%
๐Ÿ‡บ๐Ÿ‡ธ RuPaul's Drag Race ๐Ÿ‡บ๐Ÿ‡ธ-Season 7- 13th Sasha Belle
100%
๐Ÿ‡บ๐Ÿ‡ธ RuPaul's Drag Race ๐Ÿ‡บ๐Ÿ‡ธ-Season 15- ๐Ÿ† WINNER ๐Ÿ† Sasha Colby
100%
๐Ÿ‡บ๐Ÿ‡ธ RuPaul's Drag Race ๐Ÿ‡บ๐Ÿ‡ธ-Season 9- ๐Ÿ† WINNER ๐Ÿ† Sasha Velour
100%
๐Ÿ‡บ๐Ÿ‡ธ RuPaul's Drag Race ๐Ÿ‡บ๐Ÿ‡ธ-Season 11- 10th Scarlet Envy
100%
โญ๏ธ RuPaul's Drag Race All Stars โญ๏ธ-Season 6- 9th Scarlet Envy
100%
๐Ÿ‡บ๐Ÿ‡ธ RuPaul's Drag Race ๐Ÿ‡บ๐Ÿ‡ธ-Season 5- 13th Serena ChaCha
100%
โญ๏ธ RuPaul's Drag Race All Stars โญ๏ธ-Season 6- 13th Serena ChaCha
100%
๐Ÿ‡บ๐Ÿ‡ธ RuPaul's Drag Race ๐Ÿ‡บ๐Ÿ‡ธ-Season 2- 12th Shangela
100%
๐Ÿ‡บ๐Ÿ‡ธ RuPaul's Drag Race ๐Ÿ‡บ๐Ÿ‡ธ-Season 3- 6th Shangela
100%
โญ๏ธ RuPaul's Drag Race All Stars โญ๏ธ-Season 3- 3rd/4th Shangela
100%
๐Ÿ‡บ๐Ÿ‡ธ RuPaul's Drag Race ๐Ÿ‡บ๐Ÿ‡ธ-Season 1- 4th Shannel
100%
โญ๏ธ RuPaul's Drag Race All Stars โญ๏ธ-Season 1- 3rd/4th Shannel
100%
โญ๏ธ RuPaul's Drag Race All Stars โญ๏ธ-Season 9- 4th-8th Shannel
100%
๐Ÿ‡บ๐Ÿ‡ธ RuPaul's Drag Race ๐Ÿ‡บ๐Ÿ‡ธ-Season 4- ๐Ÿ† WINNER ๐Ÿ† Sharon Needles
100%
๐Ÿ‡บ๐Ÿ‡ธ RuPaul's Drag Race ๐Ÿ‡บ๐Ÿ‡ธ-Season 9- 3rd/4th Shea Couleรฉ
100%
โญ๏ธ RuPaul's Drag Race All Stars โญ๏ธ-Season 5- ๐Ÿ† WINNER ๐Ÿ† Shea Couleรฉ
100%
โญ๏ธ RuPaul's Drag Race All Stars โญ๏ธ-Season 7- 3rd/4th Shea Couleรฉ
100%
๐Ÿ‡บ๐Ÿ‡ธ RuPaul's Drag Race ๐Ÿ‡บ๐Ÿ‡ธ-Season 12- 4th[Disqualified] Sherry Pie
100%
๐Ÿ‡บ๐Ÿ‡ธ RuPaul's Drag Race ๐Ÿ‡บ๐Ÿ‡ธ-Season 11- 3rd/4th Silky Nutmeg Ganache
100%
โญ๏ธ RuPaul's Drag Race All Stars โญ๏ธ-Season 6- 11th Silky Nutmeg Ganache
100%
โญ๏ธ RuPaul's Drag Race All Stars โญ๏ธ-Season 11- TBD Silky Nutmeg Ganache
100%
๐Ÿ‡บ๐Ÿ‡ธ RuPaul's Drag Race ๐Ÿ‡บ๐Ÿ‡ธ-Season 11- 15th Soju
100%
๐Ÿ‡บ๐Ÿ‡ธ RuPaul's Drag Race ๐Ÿ‡บ๐Ÿ‡ธ-Season 15- 9th Spice
100%
๐Ÿ‡บ๐Ÿ‡ธ RuPaul's Drag Race ๐Ÿ‡บ๐Ÿ‡ธ-Season 3- 8th Stacy Layne Matthews
100%
๐Ÿ‡บ๐Ÿ‡ธ RuPaul's Drag Race ๐Ÿ‡บ๐Ÿ‡ธ-Season 15- 14th Sugar
100%
๐Ÿ‡บ๐Ÿ‡ธ RuPaul's Drag Race ๐Ÿ‡บ๐Ÿ‡ธ-Season 17- 5th Suzie Toot
100%
๐Ÿ‡บ๐Ÿ‡ธ RuPaul's Drag Race ๐Ÿ‡บ๐Ÿ‡ธ-Season 13- ๐Ÿ† WINNER ๐Ÿ† Symone
100%
๐Ÿ‡บ๐Ÿ‡ธ RuPaul's Drag Race ๐Ÿ‡บ๐Ÿ‡ธ-Season 13- 11th Tamisha Iman
100%
๐Ÿ‡บ๐Ÿ‡ธ RuPaul's Drag Race ๐Ÿ‡บ๐Ÿ‡ธ-Season 1- 8th Tammie Brown
100%
โญ๏ธ RuPaul's Drag Race All Stars โญ๏ธ-Season 1- 9th/10th Tammie Brown
100%
๐Ÿ‡บ๐Ÿ‡ธ RuPaul's Drag Race ๐Ÿ‡บ๐Ÿ‡ธ-Season 2- 4th Tatianna
100%
โญ๏ธ RuPaul's Drag Race All Stars โญ๏ธ-Season 2- 6th[Orig. 8th] Tatianna
100%
๐Ÿ‡บ๐Ÿ‡ธ RuPaul's Drag Race ๐Ÿ‡บ๐Ÿ‡ธ-Season 7- 14th Tempest DuJour
100%
โญ๏ธ RuPaul's Drag Race All Stars โญ๏ธ-Season 7- 5th-8th The Vivienne
100%
๐Ÿ‡บ๐Ÿ‡ธ RuPaul's Drag Race ๐Ÿ‡บ๐Ÿ‡ธ-Season 10- 7th The Vixen
100%
๐Ÿ‡บ๐Ÿ‡ธ RuPaul's Drag Race ๐Ÿ‡บ๐Ÿ‡ธ-Season 8- 6th Thorgy Thor
100%
โญ๏ธ RuPaul's Drag Race All Stars โญ๏ธ-Season 3- 10th Thorgy Thor
100%
๐Ÿ‡บ๐Ÿ‡ธ RuPaul's Drag Race ๐Ÿ‡บ๐Ÿ‡ธ-Season 13- 7th Tina Burner
100%
โญ๏ธ RuPaul's Drag Race All Stars โญ๏ธ-Season 10- 11th-18th Tina Burner
100%
๐Ÿ‡บ๐Ÿ‡ธ RuPaul's Drag Race ๐Ÿ‡บ๐Ÿ‡ธ-Season 6- 7th Trinity K. Bonet
100%
โญ๏ธ RuPaul's Drag Race All Stars โญ๏ธ-Season 6- 5th Trinity K. Bonet
100%
๐Ÿ‡บ๐Ÿ‡ธ RuPaul's Drag Race ๐Ÿ‡บ๐Ÿ‡ธ-Season 9- 3rd/4th Trinity The Tuck
100%
โญ๏ธ RuPaul's Drag Race All Stars โญ๏ธ-Season 4- ๐Ÿ† WINNER ๐Ÿ† Trinity The Tuck
100%
โญ๏ธ RuPaul's Drag Race All Stars โญ๏ธ-Season 7- 3rd/4th Trinity The Tuck
100%
๐Ÿ‡บ๐Ÿ‡ธ RuPaul's Drag Race ๐Ÿ‡บ๐Ÿ‡ธ-Season 7- 6th[Orig. 11th] Trixie Mattel
100%
โญ๏ธ RuPaul's Drag Race All Stars โญ๏ธ-Season 3- ๐Ÿ† WINNER ๐Ÿ† Trixie Mattel
100%
๐Ÿ‡บ๐Ÿ‡ธ RuPaul's Drag Race ๐Ÿ‡บ๐Ÿ‡ธ-Season 2- ๐Ÿ† WINNER ๐Ÿ† Tyra Sanchez
100%
๐Ÿ‡บ๐Ÿ‡ธ RuPaul's Drag Race ๐Ÿ‡บ๐Ÿ‡ธ-Season 13- 6th Utica Queen
100%
๐Ÿ‡บ๐Ÿ‡ธ RuPaul's Drag Race ๐Ÿ‡บ๐Ÿ‡ธ-Season 9- 7th๐Ÿ’ Miss Congeniality ๐Ÿ’ Valentina
100%
โญ๏ธ RuPaul's Drag Race All Stars โญ๏ธ-Season 4- 7th Valentina
100%
๐Ÿ‡บ๐Ÿ‡ธ RuPaul's Drag Race ๐Ÿ‡บ๐Ÿ‡ธ-Season 10- 14th Vanessa Vanjie Mateo
100%
๐Ÿ‡บ๐Ÿ‡ธ RuPaul's Drag Race ๐Ÿ‡บ๐Ÿ‡ธ-Season 11- 5th Vanessa Vanjie Mateo
100%
โญ๏ธ RuPaul's Drag Race All Stars โญ๏ธ-Season 9- ๐Ÿฅˆ Runner-Up ๐Ÿฅˆ Vanessa Vanjie Mateo
100%
๐Ÿ‡บ๐Ÿ‡ธ RuPaul's Drag Race ๐Ÿ‡บ๐Ÿ‡ธ-Season 3- 13th Venus D-Lite
100%
๐Ÿ‡บ๐Ÿ‡ธ RuPaul's Drag Race ๐Ÿ‡บ๐Ÿ‡ธ-Season 1- 9th Victoria 'Porkchop' Parker
100%
๐Ÿ‡บ๐Ÿ‡ธ RuPaul's Drag Race ๐Ÿ‡บ๐Ÿ‡ธ-Season 7- ๐Ÿ† WINNER ๐Ÿ† Violet Chachki
100%
๐Ÿ‡บ๐Ÿ‡ธ RuPaul's Drag Race ๐Ÿ‡บ๐Ÿ‡ธ-Season 6- 12th Vivacious
100%
โญ๏ธ RuPaul's Drag Race All Stars โญ๏ธ-Season 11- TBD Vivacious
100%
๐Ÿ‡บ๐Ÿ‡ธ RuPaul's Drag Race ๐Ÿ‡บ๐Ÿ‡ธ-Season 5- 10th/11th Vivienne Pinay
100%
๐Ÿ‡บ๐Ÿ‡ธ RuPaul's Drag Race ๐Ÿ‡บ๐Ÿ‡ธ-Season 12- 7th Widow Von'Du
100%
๐Ÿ‡บ๐Ÿ‡ธ RuPaul's Drag Race ๐Ÿ‡บ๐Ÿ‡ธ-Season 4- 7th[Disqualified] Willam
100%
๐Ÿ‡บ๐Ÿ‡ธ RuPaul's Drag Race ๐Ÿ‡บ๐Ÿ‡ธ-Season 14- ๐Ÿ† WINNER ๐Ÿ† Willow Pill
100%
๐Ÿ‡บ๐Ÿ‡ธ RuPaul's Drag Race ๐Ÿ‡บ๐Ÿ‡ธ-Season 16- 9th๐Ÿ’ Miss Congeniality ๐Ÿ’ Xunami Muse
100%
๐Ÿ‡บ๐Ÿ‡ธ RuPaul's Drag Race ๐Ÿ‡บ๐Ÿ‡ธ-Season 3- 4th๐Ÿ’ Miss Congeniality ๐Ÿ’ Yara Sofia
100%
โญ๏ธ RuPaul's Drag Race All Stars โญ๏ธ-Season 1- 5th/6th Yara Sofia
100%
โญ๏ธ RuPaul's Drag Race All Stars โญ๏ธ-Season 6- 10th Yara Sofia
100%
๐Ÿ‡บ๐Ÿ‡ธ RuPaul's Drag Race ๐Ÿ‡บ๐Ÿ‡ธ-Season 11- ๐Ÿ† WINNER ๐Ÿ† Yvie Oddly
100%
โญ๏ธ RuPaul's Drag Race All Stars โญ๏ธ-Season 7- 5th-8th Yvie Oddly
100%
๐Ÿ‡บ๐Ÿ‡ธ RuPaul's Drag Race ๐Ÿ‡บ๐Ÿ‡ธ-Season 4- 13th Alisa Summers
88%
๐Ÿ‡บ๐Ÿ‡ธ RuPaul's Drag Race ๐Ÿ‡บ๐Ÿ‡ธ-Season 16- 12th Amanda Tori Meating
88%
๐Ÿ‡บ๐Ÿ‡ธ RuPaul's Drag Race ๐Ÿ‡บ๐Ÿ‡ธ-Season 11- 11th Ariel Versace
88%
๐Ÿ‡บ๐Ÿ‡ธ RuPaul's Drag Race ๐Ÿ‡บ๐Ÿ‡ธ-Season 10- 9th Blair St. Clair
88%
โญ๏ธ RuPaul's Drag Race All Stars โญ๏ธ-Season 5- 4th Blair St. Clair
88%
๐Ÿ‡บ๐Ÿ‡ธ RuPaul's Drag Race ๐Ÿ‡บ๐Ÿ‡ธ-Season 18- 12th Briar Blush
88%
๐Ÿ‡บ๐Ÿ‡ธ RuPaul's Drag Race ๐Ÿ‡บ๐Ÿ‡ธ-Season 12- 9th Brita
88%
๐Ÿ‡บ๐Ÿ‡ธ RuPaul's Drag Race ๐Ÿ‡บ๐Ÿ‡ธ-Season 9- 12th Charlie Hides
88%
๐Ÿ‡บ๐Ÿ‡ธ RuPaul's Drag Race ๐Ÿ‡บ๐Ÿ‡ธ-Season 3- 7th Delta Work
88%
๐Ÿ‡บ๐Ÿ‡ธ RuPaul's Drag Race ๐Ÿ‡บ๐Ÿ‡ธ-Season 9- 8th Farrah Moan
88%
โญ๏ธ RuPaul's Drag Race All Stars โญ๏ธ-Season 4- 9th Farrah Moan
88%
๐Ÿ‡บ๐Ÿ‡ธ RuPaul's Drag Race ๐Ÿ‡บ๐Ÿ‡ธ-Season 16- 11th Geneva Karr
88%
๐Ÿ‡บ๐Ÿ‡ธ RuPaul's Drag Race ๐Ÿ‡บ๐Ÿ‡ธ-Season 3- 10th India Ferrah
88%
โญ๏ธ RuPaul's Drag Race All Stars โญ๏ธ-Season 5- 6th India Ferrah
88%
๐Ÿ‡บ๐Ÿ‡ธ RuPaul's Drag Race ๐Ÿ‡บ๐Ÿ‡ธ-Season 5- 8th Jade Jolie
88%
๐Ÿ‡บ๐Ÿ‡ธ RuPaul's Drag Race ๐Ÿ‡บ๐Ÿ‡ธ-Season 10- 13th Kalorie Karbdashian-Williams
88%
๐Ÿ‡บ๐Ÿ‡ธ RuPaul's Drag Race ๐Ÿ‡บ๐Ÿ‡ธ-Season 8- 11th/12th Laila McQueen
88%
๐Ÿ‡บ๐Ÿ‡ธ RuPaul's Drag Race ๐Ÿ‡บ๐Ÿ‡ธ-Season 5- 9th Lineysha Sparx
88%
๐Ÿ‡บ๐Ÿ‡ธ RuPaul's Drag Race ๐Ÿ‡บ๐Ÿ‡ธ-Season 4- 10th Madame LaQueer
88%
๐Ÿ‡บ๐Ÿ‡ธ RuPaul's Drag Race ๐Ÿ‡บ๐Ÿ‡ธ-Season 7- 9th MAX
88%
๐Ÿ‡บ๐Ÿ‡ธ RuPaul's Drag Race ๐Ÿ‡บ๐Ÿ‡ธ-Season 10- 10th Mayhem Miller
88%
โญ๏ธ RuPaul's Drag Race All Stars โญ๏ธ-Season 5- 7th Mayhem Miller
88%
๐Ÿ‡บ๐Ÿ‡ธ RuPaul's Drag Race ๐Ÿ‡บ๐Ÿ‡ธ-Season 11- 12th Mercedes Iman Diamond
88%
๐Ÿ‡บ๐Ÿ‡ธ RuPaul's Drag Race ๐Ÿ‡บ๐Ÿ‡ธ-Season 16- 7th Mhiโ€™ya Iman Leโ€™Paige
88%
๐Ÿ‡บ๐Ÿ‡ธ RuPaul's Drag Race ๐Ÿ‡บ๐Ÿ‡ธ-Season 5- 12th Monica Beverly Hillz
88%
โญ๏ธ RuPaul's Drag Race All Stars โญ๏ธ-Season 8- 12th Monica Beverly Hillz
88%
๐Ÿ‡บ๐Ÿ‡ธ RuPaul's Drag Race ๐Ÿ‡บ๐Ÿ‡ธ-Season 2- 10th Mystique Summers
88%
โญ๏ธ RuPaul's Drag Race All Stars โญ๏ธ-Season 11- TBD Mystique Summers
88%
๐Ÿ‡บ๐Ÿ‡ธ RuPaul's Drag Race ๐Ÿ‡บ๐Ÿ‡ธ-Season 8- 9th[Orig. 12th] Naysha Lopez
88%
โญ๏ธ RuPaul's Drag Race All Stars โญ๏ธ-Season 8- 11th Naysha Lopez
88%
๐Ÿ‡บ๐Ÿ‡ธ RuPaul's Drag Race ๐Ÿ‡บ๐Ÿ‡ธ-Season 12- 11th Nicky Doll
88%
๐Ÿ‡บ๐Ÿ‡ธ RuPaul's Drag Race ๐Ÿ‡บ๐Ÿ‡ธ-Season 1- 3rd Rebecca Glasscock
88%
๐Ÿ‡บ๐Ÿ‡ธ RuPaul's Drag Race ๐Ÿ‡บ๐Ÿ‡ธ-Season 15- 12th Robin Fierce
88%
๐Ÿ‡บ๐Ÿ‡ธ RuPaul's Drag Race ๐Ÿ‡บ๐Ÿ‡ธ-Season 11- 7th Shuga Cain
88%
โญ๏ธ RuPaul's Drag Race All Stars โญ๏ธ-Season 11- TBD Shuga Cain
88%
๐Ÿ‡บ๐Ÿ‡ธ RuPaul's Drag Race ๐Ÿ‡บ๐Ÿ‡ธ-Season 4- 11th The Princess
88%
๐Ÿ‡บ๐Ÿ‡ธ RuPaul's Drag Race ๐Ÿ‡บ๐Ÿ‡ธ-Season 18- 10th Vita VonTesse Starr
88%
๐Ÿ‡บ๐Ÿ‡ธ RuPaul's Drag Race ๐Ÿ‡บ๐Ÿ‡ธ-Season 14- 10th Maddy Morphosis
75%
๐Ÿ‡บ๐Ÿ‡ธ RuPaul's Drag Race ๐Ÿ‡บ๐Ÿ‡ธ-Season 6- 13th/14th Magnolia Crawford
75%
๐Ÿ‡บ๐Ÿ‡ธ RuPaul's Drag Race ๐Ÿ‡บ๐Ÿ‡ธ-Season 8- 7th Robbie Turner
75%
๐Ÿ‡บ๐Ÿ‡ธ RuPaul's Drag Race ๐Ÿ‡บ๐Ÿ‡ธ-Season 10- 12th Yuhua
63%
No matching quizzes found
Score Distribution
Percent of People with Each Score
Percentile by Number Answered
Your Score History
You have not taken this quiz since the last reset